| 000 | 00549nam a22001937a 4500 | ||
|---|---|---|---|
| 003 | OSt | ||
| 005 | 20240516152106.0 | ||
| 008 | 240516b |||||||| |||| 00| 0 eng d | ||
| 020 | _a9780521715911 | ||
| 040 | _cDDC | ||
| 082 | _a530 BEN 1986 | ||
| 100 | _4Richard P. Olenick ( et-al ) | ||
| 245 | _aBeyond The Mechanical Universe:From Electrical To Modern Physics. | ||
| 260 |
_aNY, _bCambridge Universe, _c2007. |
||
| 300 |
_axiv;574p, _bill, _c23.4cm. |
||
| 504 | _aAppendix,Bibliography,Index | ||
| 650 |
_aPhysics _9809 |
||
| 942 |
_2ddc _cO_SHELF |
||
| 999 |
_c8336 _d8336 |
||